000 00610nam a2200241Ia 4500
003 OSt
005 20220912151750.0
006 a|||||r|||| 00| 0
007 ta
008 220909b |||||||| |||| 00| 0 eng d
024 _a24347
037 _cTextual
040 _aCSL
_beng
_cCSL
041 _aeng
082 _aB44, M0
100 _aDlab Vlastimil
245 0 _aRepresentations of valued graphs
260 _aMontreal
_bUniversity of Montreal
_c1980
300 _a188p.
_ccm.
650 _aGraph theory
942 _hB44, M0
_cTEXL
_2CC
999 _c75029
_d75029